000 01742nam a22004217a 4500
003 CHAP
005 20220329143231.0
008 070523s2007 mx a b r 00010 spa d
010 _a93662
011 _a94634
035 _a105229
040 _cCHAP
090 _aTesis
100 1 _aTlilayatzi Velasquez, Fridia.
_950
245 1 0 _aLa venta de follaje de palma camedor (Chamaedorea spp.) en la reproducción social de cinco familias integrantes de la S.S.S. Follajes Lacandones en Frontera Corozal, Chiapas
_c/por Fridia Tlilayatzi Velasquez
260 _aSan Cristobal de las Casas, Chiapas. :
_bEl autor,
_c2007
300 _a94 h. :
_bmapas, ; gráfs. ; cuadros, ; ilus.
502 _aTesis (Ing. Agr.Esp. en Zonas Tropicales) -- UACH. Dirección de Centros Regionales Universitarios
530 _aTambién disponible en línea
590 _aALEPH
_b10
_c20130110
_lUCH01
_h1518
590 _aBATCH-UPD
_b10
_c20130110
_lUCH01
_h0258
590 _aBATCH-UPD
_b10
_c20130110
_lUCH01
_h1737
590 _aBATCH-UPD
_b10
_c20130410
_lUCH01
_h1647
590 _aBATCH-UPD
_b10
_c20140324
_lUCH01
_h1503
590 _aBATCH-UPD
_b10
_c20141002
_lUCH01
_h0834
590 _aCONVERSION
_b10
_c20130109
_lUCH01
_h1352
650 1 4 _aPalma camedor.
_984941
650 1 4 _aPalmas
_xMercadeo.
_984978
650 1 4 _aRecursos forestales
_zChiapas.
_995073
650 1 4 _aRecursos naturales
_xAprovechamiento
_zChiapas.
_995195
650 1 4 _aSelva Lacandona.
_9103818
856 _3Finding aid
_uhttp://10.13.5.2/tesis/105229.pdf
_zTeclea aqui
901 _aBK
905 _aLuis Gutiérrez Merin
942 _cFOLL
949 _aTesis
_bBC
_cTES
_d33724002028306
_eTS2
_fc.2
_h46687
_i105229
_si
949 _aTesis
_bBC
_cTES
_d33724002028314
_eTS1
_h46686
_i105229
_sb
999 _c93662
_d93662